000 01477nam a2200253Ia 4500
001 b6985-50847
003 IT-MiCISF
005 20250212120533.0
008 161014s9999||||xx |||||||||||||| ||und||
040 _aIT-MiCISF
_cIT-MiCISF
041 _ait
100 _aDonati Pierpaolo (a cura di)
_959326
245 0 _aLa famiglia in Italia. Sfide sociali e innovazioni nei servizi.
_bVol. I: Aspetti demografici, sociali e legislativi
250 _aOsservatorio nazionale sulla famiglia. Rapporto biennale 2011-2012.
260 _a Roma,
_bCarocci,
_c2012
300 _app. XII-295
500 _a / politica-familiare, famiglia, situazione-demografica, famiglia-migranti, stratificazione-sociale, welfare /
520 _a L'Osservatorio nazionale sulla famiglia ha pubblicato in due volumi il suo Rapporto Biennale 2011-2012 sulla condizione familiare in Italia. Il primo volume, dedicato agli aspetti demografici, sociali e legislativi, delinea lo scenario generale dei mutamenti in corso che richiedono una legislazione sociale più avanzata, e riporta il testo del "Piano nazionale per la famiglia" nella versione licenziata dall'Osservatorio il 23 giugno 2011.
650 _aPolitica-familiare
654 _asaggio
700 _aRiccardi A., Donati P., Tomasone F., Rivellini G., Bordone V., Ortensi L.E., Blangiardo G.C.,
_aBarbiano di Belgioioso E., Bonomi P., Valtolina G.G., Pesenti L., Accolla G., Antonini L.
_961488
942 _cBK
_2ddc
999 _c210002
_d210002
999 _bsi